Métodos y técnicas de encuesta

محفوظ في:
التفاصيل البيبلوغرافية
المؤلف الرئيسي: Lopes, Valdecir F.
التنسيق: نص
منشور في: Santiago : CELADE
الموضوعات:
الوسوم: إضافة وسم
لا توجد وسوم, كن أول من يضع وسما على هذه التسجيلة!

MARC

LEADER 00000 a a2200000 04500
001 17795
003
040
020 |a [sin ISBN]  
090 |a 1001 C397m  
100 |a Lopes, Valdecir F.  
245 |a Métodos y técnicas de encuesta  
260 |a Santiago :   |b CELADE  
300 |a 62 p.  
650 |a ENCUESTAS  
650 |a METODOLOGIA  
999 |c 15822  |d 15822